000 00677nam a2200265 a 4500
999 _c28751
_d28751
001 28751
003 Mx-PuUPA
005 20211126125254.0
008 140415d1999 000 0 spa d
020 _a9706123563
040 _cMx-PuUPA
041 _aspa
082 _a200.1
100 0 _aJohn Paul,
_bII,
_cPope,
_d1920-2005
_eautor
_917
245 1 3 _aLa iglesia en América.
250 _aPrimera edición
260 _aMéxico :
_bEdiciones Paulinas,
_c1999.
300 _a127 páginas ;
_c23 cm.
336 _atexto
_2rdacontent
337 _asin mediación
_2rdamedia
338 _avolumen
_2rdacarrier
520 _aCG
650 _aReligión
942 _2ddc
_cLI